000 00400nam a2200121Ia 4500
008 241015s9999 xx 000 0 und d
041 _aeng
082 _a658.4033 TON
100 _aWu Tong
245 _aLarge-Scale Group Decision-Making With Uncertain And Behavioral Considerations: Methods And Applications Methods And Applications
260 _bSpringer
_aSingapore
_c2023
300 _a361;. P. 23 cm
999 _c41681
_d41681